Přenosová funkce elektrooptického fázového modulátoru s nedokonale přizpůsobeným ztratovým modulačním vedením

Podrobná bibliografia
Hlavný autor: Bárta, Jan (Autor)
Médium: Článok
Jazyk:čeština
Fyzický popis:Obr. 10., lit. 1 zázn. v češ.
Predmet:

MARC

LEADER 00000nab a2200000 a 4500
001 vtls000409314
003 SK-MaSNL
005 20260303134658.0
008 230217c1990 xo 0 cze
015 |a SNBRB19rr/mm-uuuuu 
035 |a CL0409438 
035 |a urn:nbn:sk:snk-abd1x7 
035 |a (urnnbn)urn:nbn:sk:snk:ar-006u6i 
035 |a (uuid)523848b1-be9e-4a7c-99f6-c3c3ff42c434 
040 |a SNKBUCL  |b slo  |c SNKBUCL  |e AACR2 
041 0 |a cze 
044 |a xo  |c SK 
080 |a 621.376.4  |2 1981 
100 1 |a Bárta, Jan  |4 aut  |9 467055 
245 1 0 |a Přenosová funkce elektrooptického fázového modulátoru s nedokonale přizpůsobeným ztratovým modulačním vedením  |c Jan Bárta 
300 |b Obr. 10., lit. 1 zázn. v češ. 
650 0 7 |a elektrooptické fázové modulátory  |2 snkbucl  |9 1153457 
655 7 |a články z novín a časopisov  |2 snkbucl  |9 267496 
773 0 |t Elektrotechnický časopis  |g Roč. 41, č. 2 (1990), s. 112-119 
850 |a Slovenská národná knižnica v Martine  |a MTA001 
852 |a SNK  |b KIS3GCP 
954 |a odborná, vedecká literatúra cudzojazyčná (svetová)  |2 lita 
958 |a OND 
958 |a RK 
958 |a CZ 
958 |a EUIPO 
958 |a article17 
992 |a RBX 
999 |c 1961362  |d 1963292